Southville International School and Colleges
Your cart is empty.
  • Cart
  • Lists
    Public lists Eva Luna New books Lux_list list_1
    Your lists Log in to create your own lists
  • Log in to your account
  • Your cookies
  • Search history
Southville International School and Colleges
  • Advanced search
  • Recent comments
  • Most popular
  • Libraries

Log in to your account

Log in with GOOGLE


If you do not have an external account, but do have a local account, you can still log in:

  1. Home
  2. MARC view: The essential guide to doing your research project /
Normal view MARC view ISBD view

The essential guide to doing your research project / (Record no. 275923)

[ view plain ]
MARC details
000 -LEADER
fixed length control field 01509cam a22004337i 4500
001 - CONTROL NUMBER
control field 17648925
005 - DATE AND TIME OF LATEST TRANSACTION
control field 20140929095316.0
008 - FIXED-LENGTH DATA ELEMENTS--GENERAL INFORMATION
fixed length control field 130305s2014 caua b 001 0 eng d
010 ## - LIBRARY OF CONGRESS CONTROL NUMBER
LC control number 2013934587
015 ## - NATIONAL BIBLIOGRAPHY NUMBER
National bibliography number GBB384872
Source bnb
016 7# - NATIONAL BIBLIOGRAPHIC AGENCY CONTROL NUMBER
Record control number 016499378
Source Uk
020 ## - INTERNATIONAL STANDARD BOOK NUMBER
International Standard Book Number 9781446258965 (hbk.)
020 ## - INTERNATIONAL STANDARD BOOK NUMBER
International Standard Book Number 1446258963 (hbk.)
020 ## - INTERNATIONAL STANDARD BOOK NUMBER
International Standard Book Number 9781446258972 (pbk.)
020 ## - INTERNATIONAL STANDARD BOOK NUMBER
International Standard Book Number 1446258971 (pbk.)
020 ## - INTERNATIONAL STANDARD BOOK NUMBER
Cancelled/invalid ISBN 9781446296271 (PDF ebook)
035 ## - SYSTEM CONTROL NUMBER
System control number (OCoLC)ocn869776553
040 ## - CATALOGING SOURCE
Original cataloging agency UKMGB
Language of cataloging eng
Transcribing agency UKMGB
Modifying agency UAB
Description conventions rda
Modifying agency MEU
-- OCLCF
-- DLC
042 ## - AUTHENTICATION CODE
Authentication code lccopycat
050 00 - LIBRARY OF CONGRESS CALL NUMBER
Classification number Q 180.55.M4
Item number .Ol55 2014
082 04 - DEWEY DECIMAL CLASSIFICATION NUMBER
Classification number 300.72
100 1# - MAIN ENTRY--PERSONAL NAME
Personal name O'Leary, Zina.,
Relator term author.
240 10 - UNIFORM TITLE
Uniform title <a href="Essential guide to doing research">Essential guide to doing research</a>
245 14 - TITLE STATEMENT
Title The essential guide to doing your research project /
Statement of responsibility, etc Zina O'Leary.
250 ## - EDITION STATEMENT
Edition statement 2nd edition.
260 ## - PUBLICATION, DISTRIBUTION, ETC. (IMPRINT)
Place of publication, distribution, etc London :
Name of publisher, distributor, etc SAGE Publication Ltd.,
Date of publication, distribution, etc c2014.
300 ## - PHYSICAL DESCRIPTION
Extent viii, 371 pages :
Other physical details illustrations ;
Dimensions 25 cm
500 ## - GENERAL NOTE
General note Previous edition: published as The essential guide to doing research. 2004.
504 ## - BIBLIOGRAPHY, ETC. NOTE
Bibliography, etc Includes bibliographical references (pages 359-366) and index.
530 ## - ADDITIONAL PHYSICAL FORM AVAILABLE NOTE
Additional physical form available note Also issued online.
546 ## - LANGUAGE NOTE
Language note Text in English.
650 #0 - SUBJECT ADDED ENTRY--TOPICAL TERM
Topical term or geographic name as entry element Social sciences
General subdivision Research.
650 #7 - SUBJECT ADDED ENTRY--TOPICAL TERM
Topical term or geographic name as entry element Social sciences
General subdivision Research.
Source of heading or term fast
906 ## - LOCAL DATA ELEMENT F, LDF (RLIN)
a 7
b cbc
c copycat
d 2
e ncip
f 20
g y-gencatlg
942 ## - ADDED ENTRY ELEMENTS (KOHA)
Source of classification or shelving scheme Library of Congress Classification
Koha item type Books
Call number prefix Foreign
Holdings
Withdrawn status Lost status Source of classification or shelving scheme Damaged status Home library Current library Shelving location Date acquired Source of acquisition Cost, normal purchase price Total Checkouts Full call number Barcode Date last seen Date checked out Price effective from Koha item type
    Library of Congress Classification   College Library College Library Reserve Section 09/29/2014 Library Fund 2991.00 1 Q 180.55.M4 .Ol55 2014 C18708 09/25/2018 09/12/2018 09/29/2014 Books

The essential guide to doing your research project /

APA

O'Leary Z., . (2014). The essential guide to doing your research project. London: SAGE Publication Ltd.

Chicago

O'Leary Zina, . 2014. The essential guide to doing your research project. London: SAGE Publication Ltd.

Harvard

O'Leary Z., . (2014). The essential guide to doing your research project. London: SAGE Publication Ltd.

MLA

O'Leary Zina, . The essential guide to doing your research project. London: SAGE Publication Ltd. 2014.

  • Place hold
  • Print
  • Cite
  • Add to your cart (remove)
  • Save record
    BIBTEX Dublin Core MARCXML MARC (non-Unicode/MARC-8) MARC (Unicode/UTF-8) MARC (Unicode/UTF-8, Standard) MODS (XML) RIS
  • More searches
    Search for this title in:
    Other Libraries (WorldCat) Other Databases (Google Scholar) Online Stores (Bookfinder.com) Open Library (openlibrary.org)

Exporting to Dublin Core...

SOUTHVILLE LIBRARY

Southville International School and Colleges Library

1281 Tropical Ave. Cor. Luxembourg St., BF Homes International, Las Pinas City

Tel. No. 8256374 / 252358 Loc. 117/146

Powered by Koha